Finite element approximation of the Navier-Stokes equations /

Guardado en:
Autor Principal: Girault, Vivette, 1943-
Otros Autores: Raviart, Pierre-Arnaud, 1939-
Formato: Libro
Idioma:English
Publicado: Berlin : Springer-Verlag, 1979.
Series:Lecture notes in mathematics (Springer-Verlag) ; 749.
Materias:
Etiquetas: Agregar Etiqueta
Sin Etiquetas, Sea el primero en etiquetar este registro!
LEADER 01014cam a22002775a 4500
001 EIQ.libpla000314
008 790912s1979####nyu######b####001#0#eng#d
005 20060511195200.0
245 1 0 |a Finite element approximation of the Navier-Stokes equations /  |c V. Girault, P.-A. Raviart. 
260 |a Berlin :  |b Springer-Verlag,  |c 1979. 
300 |a vii, 199 p. ;  |c 24 cm. 
490 1 |a Lecture notes in mathematics ;  |v v. 749 
504 |a Bibliografía: p. [195]-199. 
500 |a Incluye índice. 
020 |a 0387095578 
100 1 |a Girault, Vivette,  |d 1943- 
700 1 |a Raviart, Pierre-Arnaud,  |d 1939- 
830 0 |a Lecture notes in mathematics (Springer-Verlag) ;  |v 749. 
082 0 0 |a 510/.8 s  |a 519.4 
650 4 |a Flujo viscoso  |x Teoría. 
650 4 |a Ecuaciones de Navier-Stokes  |x Soluciones numéricas. 
650 4 |a Viscous flow.  |x Theory. 
650 0 |a Navier-Stokes equations  |x Numerical solutions. 
010 |a  79021917  
040 |a DLC  |c DLC  |d AR-BbSID 
859 |a AR-BbSID  |b BIB. PLAPIQUI  |h 519.4  |i G 442  |p 164